| 000 | 00384nam a2200145Ia 4500 | ||
|---|---|---|---|
| 005 | 20251222152046.0 | ||
| 008 | 251222s9999||||xx |||||||||||||| ||spa|| | ||
| 020 | _a9786124328756 | ||
| 082 | _a657.72/V19 | ||
| 100 | _aValdiviezo Rosado, José | ||
| 245 | 0 | _aTratamiento Contable los Inventarios según la Nic 2 | |
| 250 | _a1ra. ed. | ||
| 264 | _bPacífico Editores | ||
| 942 | _cLIB | ||
| 999 |
_c26246 _d26246 |
||